The employment contract in transforming labour relations

保存先:
書誌詳細
フォーマット: 図書
言語:Undetermined
出版事項: The hague, the Netherlands Kluwer Law International 1995
主題:
タグ: タグ追加
タグなし, このレコードへの初めてのタグを付けませんか!
Thư viện lưu trữ: Trung tâm Học liệu Trường Đại học Cần Thơ
LEADER 00488nam a2200157Ia 4500
001 CTU_56180
008 210402s9999 xx 000 0 und d
082 |a 341.763 
082 |b E55 
245 4 |a The employment contract in transforming labour relations 
245 0 |c Edited by Lammy Betten 
260 |a The hague, the Netherlands 
260 |b Kluwer Law International 
260 |c 1995 
650 |a labor laws and legislation 
980 |a Trung tâm Học liệu Trường Đại học Cần Thơ